00319nam a2200109Ia 4500008004100000041000800041082001400049100001600063245007100079260004000150300001900190241028s9999 xx 000 0 und d aeng a658.3 CHA aChakrabarti aReward Management: Concepts And Practices For Modern Organizations bCengage Learning IndiaaDehlic2022 a275;. P. 25 cm